| 000 | 00929nam a22002415i 4500 | ||
|---|---|---|---|
| 001 | 166726 | ||
| 003 | ES-MaACL | ||
| 005 | 20230906213405.0 | ||
| 008 | 991117s1844 fr |||| | fre d | ||
| 040 |
_aM-RAJU _bspa _cM-RAJU _dCCPB | B |
||
| 100 | 1 |
_aTurgot, Anne Robert Jacques. _9133417 |
|
| 245 | 1 | 0 |
_aOeuvres de Turgot / _cavec les notes de Dupont de Nemours ; augmentée de lettres inédites, des questions sur le commerce ... par Eugène Daire. |
| 260 |
_aParis : _bGuillaumin, _c1844. |
||
| 300 |
_a2 v. ; _c24 cm. |
||
| 490 | 1 |
_aCollection des principaux èconomistes ; _v3, 4 |
|
| 650 | 4 |
_aEconomía- _zFrancia- _yS. \RXVIII\R. _9234181 |
|
| 700 | 1 | 1 |
_aNemours, Dupont de, _eanot. _9130439 |
| 700 | 1 | 1 |
_aDaire, Eugene, _eanot. _942459 |
| 752 |
_aFrancia - _dParís |
||
| 830 | 0 |
_aCollection des principaux èconomistes ; _v3, 4 _9188371 |
|
| 852 |
_aES-MaACL _jF-4952-4953 _z-- Enc. hol. |
||
| 999 |
_c166726 _d166726 |
||